Ricostruisci la Carriera del Calciatore - Bryan Cristante - Statistics

Statistiche generali
  • Questo quiz è stato fatto 24 volte
  • Il punteggio medio è 5 su 6
Statistiche sulle risposte
Hint Risposta % Corretto
2017-2018 Atalanta
83%
2014-2016 Benfica
83%
2018- Roma
78%
2011-2014 Milan
72%
2016-2017 Pescara
72%
2016 Palermo
61%
Nessun quiz corrispondente trovato
Distribuzione punteggi
Percentuale di utenti per punteggio
Percentile per numero di risposta
I tuoi punteggi nel tempo
Non hai fatto questo quiz